000
00217nam a22000857a 4500
008
160809b xxu||||| |||| 00| 0 eng d
100
_9
89
_a
Om Kidz
245
_a
Jhansi ki Rani Lakshmibai
260
_a
New Delhi
_b
Om Kidz
_c
2013
999
_c
2743
_d
2743